La ética de Spinoza, fundamentos y significado (Record no. 14301)

MARC details
000 -LEADER
campo de control de longitud fija 01186nam a2200289 4500
001 - NÚMERO DE CONTROL
campo de control 14301
003 - IDENTIFICADOR DE NÚMERO DE CONTROL
campo de control ES-MaACL
005 - FECHA Y HORA DE LA ÚLTIMA TRANSACCIÓN
campo de control 20230906150752.0
007 - CAMPO FIJO DE DESCRIPCIÓN FÍSICA--INFORMACIÓN GENERAL
campo de control de longitud fija t|
008 - DATOS DE LONGITUD FIJA--INFORMACIÓN GENERAL
campo de control de longitud fija 981207s1992 sp |||| | spa d
020 ## - NÚMERO INTERNACIONAL ESTÁNDAR DEL LIBRO
Número Internacional Estándar del Libro 84-7729-113-6
080 ## - NÚMERO DE LA CLASIFICACIÓN DECIMAL UNIVERSAL
Número de la Clasificación Decimal Universal 1 Spinoza, Benedictus de (063)
080 ## - NÚMERO DE LA CLASIFICACIÓN DECIMAL UNIVERSAL
Número de la Clasificación Decimal Universal 17(063)
111 2# - ENTRADA PRINCIPAL--NOMBRE DE CONGRESO/REUNIÓN
Nombre de congreso/reunión o jurisdicción como elemento de entrada Congreso Internacional sobre Ética de Spinoza, Fundamentos y Significado (
Fecha del congreso o de la firma del tratado 1990.
Sede del congreso/Lugar de la reunión Almagro)
9 (RLIN) 479
245 13 - MENCIÓN DEL TÍTULO
Título La ética de Spinoza, fundamentos y significado
Resto del título : (actas del Congreso Internacional: Almagro, 24-26 de octubre, 1990) /
Mención de responsabilidad, etc. edición preparada por Atilano Domínguez.
260 ## - PUBLICACIÓN, DISTRIBUCIÓN, ETC.
Lugar de publicación, distribución, etc. [Cuenca] :
Nombre del editor, distribuidor, etc. Ediciones de la Universidad de Castilla-La Mancha,
Fecha de publicación, distribución, etc. [1992]
300 ## - DESCRIPCIÓN FÍSICA
Extensión 521 p. ;
Dimensiones 24 cm.
490 1# - MENCIÓN DE SERIE
Mención de serie Estudios ;
Designación de volumen o secuencia 9
500 ## - NOTA GENERAL
Nota general Índice onomástico.
546 ## - NOTA DE IDIOMA
Nota de lengua/lenguaje Textos en español, francés, inglés, italiano y alemán.
600 14 - PUNTO DE ACCESO ADICIONAL DE MATERIA--NOMBRE DE PERSONA
Nombre de persona Spinoza, Benedictus de-
Subdivisión de forma Congresos y asambleas.
9 (RLIN) 107751
650 14 - PUNTO DE ACCESO ADICIONAL DE MATERIA--TÉRMINO DE MATERIA
Término de materia o nombre geográfico como elemento de entrada Ética-
Subdivisión de forma Congresos y asambleas.
9 (RLIN) 12579
700 1# - ENTRADA AGREGADA--NOMBRE PERSONAL
Nombre de persona Domínguez, Atilano.
9 (RLIN) 45153
830 0# - PUNTO DE ACCESO ADICIONAL DE SERIE-TÍTULO UNIFORME
Título uniforme Estudios ;
Designación de volumen o secuencia 9
9 (RLIN) 177349
852 ## - LOCALIZACIÓN
Ubicación ES-MaACL
Número de control de estantería L-21505
Nota libre . - Dedicatoria autógrafa de A. Domínguez, ed. literario
Holdings
Estatus retirado Estado de pérdida Estado de daño No para préstamo Biblioteca de origen Biblioteca actual Ubicación en estantería Fecha de adquisición Fuente de adquisición Total de préstamos Signatura topográfica completa Código de barras Visto por última vez Precio de reemplazo Tipo de ítem Koha
        Biblioteca del Ateneo de Madrid Biblioteca del Ateneo de Madrid Depósito 2 17/01/2008     L-21505 1014548 23/02/2023 23/02/2023 Libro impreso